000 00617nam a22002057a 4500
999 _c6281
_d6281
003 AR-CdUCM
008 190314b ||||| |||| 00| 0 spa d
040 _aMUNICIPALIDAD PROVINCIAL DEL CUSCO
_cBIBLIOTECA MUNICIPAL DEL CUSCO
082 _a869.56 /
_bZ95
100 _aZúñiga Segura, Carlos
_92637
245 _aEl Mar en la Poesía Peruana /
260 _aLima :
_bEdiciones Capulí ;
_c1989.
300 _a87 páginas ;
_c20cm
505 _aContenido: Poesía
650 _aPoesía peruana
_911982
650 _aLiteratura peruana
_97175
710 _aCONCYTEC
_92809
942 _2ddc
_cLIBROS
945 _anom